000 00718nam a2200229 4500
003 OSt
005 20240620060955.0
006 a
008 240620b |||||||| |||| 00| 0 eng d
020 _a9780230231023
040 _aDWCL-Main lib.
_cOC
082 _2Eighth edition
_aCirc. 320 H141c 2010
100 _aHague, Rod
245 _aComparative government and politics : an introduction /
250 _aEighth edition
260 _aNew York :
_bPalgrave McMillan,
_cc2010.
300 _axv,
_b442 p. : ill. ;
_c24 cm.
504 _aIncludes bibliographical references and index.
650 _a1. Political science.
650 _a2. Comparative government.
942 _2ddc
_n0
_cBK-CIRC
_eEighth edition
_kCirc.
999 _c983
_d983